00876nam a2200229 a 450000100100000000500170001000800410002702000150006804000250008308200210010810000340012924500970016325000170026026000290027730000210030649000310032750000730035870000410043183000380047295201190051099900170062900004287920201002040452.0140211s1973 sp 000 0 spa d a8424933958 aDO-SdBNPbspacBNPHU axxxbC568c, 19731 aCicerón, Marco Tulio97030510aCatilinarias /cMarco Tulio Cicerón ; edición revisada por Francisco Campos Rodríguez. a4ª ed. rev. aMadrid :bGredos,c1973. a133 p. ;c19 cm.1 aTextos clásicos anotados aIncluye referencias bibliográficas y notas al pie de las páginas12aCampos Rodríguez, Francisco970306 0aTextos clásicos anotados970307 001050718MOaGRbGRcCTd2014-02-11iLF1l0oxxx C568c, 1973p42879-10r2020-06-25w2020-06-25y1ZNo se presta c42368d42368